[Event "Oberliga Wuerttemberg 1920"]
[Site "Wuerttemberg"]
[Date "2020.01.19"]
[Round "6.2"]
[White "Bach, Edwin"]
[Black "Doric, Darko"]
[Result "0-1"]
[WhiteElo "2175"]
[BlackElo "2468"]
[PlyCount "108"]
[EventDate "2019.09.15"]
[EventType "team-tourn"]
[EventRounds "9"]
[EventCountry "GER"]
[SourceTitle "EXT 2021"]
[Source "ChessBase"]
[SourceDate "2020.10.23"]
[SourceVersion "1"]
[SourceVersionDate "2020.10.23"]
[SourceQuality "1"]
[WhiteTeam "Schmiden Cannstatt"]
[BlackTeam "Schoenaich II"]
[WhiteTeamCountry "GER"]
[BlackTeamCountry "GER"]

1. Nf3 d5 2. b3 c6 3. Bb2 Nf6 4. g3 Bg4 5. Bg2 Nbd7 6. d3 e6 7. Nbd2 Bd6 8. 0-0 0-0 9. h3 Bh5 10. c4 Qe7 11. Qc2 Rfe8 12. a3 a5 13. Rfe1 h6 14. e4 dxe4 15. dxe4 Bg6 16. Qc3 e5 17. Nh4 Bh7 18. Nf5 Bxf5 19. exf5 Bc5 20. Nf3 e4 21. Nd2 e3 22. fxe3 Bxe3+ 23. Kh1 Bxd2 24. Qxd2 Qc5 25. g4 Rxe1+ 26. Rxe1 a4 27. b4 Qxc4 28. Re7 Qb3 29. Qd4 Nf8 30. Qc3 Qd1+ 31. Re1 Qd6 32. Qc2 N8d7 33. Rd1 Qg3 34. Qc3 Qxc3 35. Bxc3 Re8 36. b5 Re3 37. bxc6 bxc6 38. Bb2 c5 39. Kg1 Kf8 40. Bc6 Ke7 41. Bxa4 Nb6 42. Bc6 Rxh3 43. a4 Nc4 44. Bxf6+ Kxf6 45. Rc1 Rg3+ 46. Kh2 Rxg4 47. Bb5 Nd6 48. Rxc5 Nxb5 49. axb5 Rb4 50. Kg3 h5 51. Kh3 Kg5 52. f6+ Kxf6 53. Rxh5 g5 54. Rh6+ Kf5 0-1

[Event "Untergrombach-ch 35th"]
[Site "Untergrombach"]
[Date "2018.01.04"]
[Round "4"]
[White "Bach, Edwin"]
[Black "Lehmann, Sven"]
[Result "1-0"]
[WhiteElo "2221"]
[BlackElo "2016"]
[PlyCount "32"]
[EventDate "2018.01.02"]
[EventType "swiss"]
[EventRounds "7"]
[EventCountry "GER"]
[SourceTitle "CBM 182 Extra"]
[Source "ChessBase"]
[SourceDate "2018.02.23"]
[SourceVersion "1"]
[SourceVersionDate "2018.02.23"]
[SourceQuality "1"]

1. Nf3 c5 2. g3 Nc6 3. Bg2 Nf6 4. c4 d5 5. cxd5 Nxd5 6. Nc3 Nc7 7. a3 e5 8. b4 cxb4 9. axb4 Bxb4 10. Nxe5 Nxe5 11. Qa4+ Bd7 12. Qxb4 Nc6 13. Qd6 a5 14. Ba3 Ra6 15. 0-0 h5 16. Rab1 Rh6 1-0

[Event "Untergrombach-ch 35th"]
[Site "Untergrombach"]
[Date "2018.01.04"]
[Round "5"]
[White "Nekrasov, Mihail"]
[Black "Bach, Edwin"]
[Result "1/2-1/2"]
[WhiteElo "2319"]
[BlackElo "2221"]
[PlyCount "34"]
[EventDate "2018.01.02"]
[EventType "swiss"]
[EventRounds "7"]
[EventCountry "GER"]
[SourceTitle "CBM 182 Extra"]
[Source "ChessBase"]
[SourceDate "2018.02.23"]
[SourceVersion "1"]
[SourceVersionDate "2018.02.23"]
[SourceQuality "1"]

1. e4 c5 2. Nf3 e6 3. d4 cxd4 4. Nxd4 a6 5. c4 Nf6 6. Nc3 Qc7 7. a3 b6 8. Be3 Bb7 9. f3 Be7 10. Be2 0-0 11. Qd2 Rc8 12. Rc1 d6 13. 0-0 Nbd7 14. Rfd1 Rab8 15. b4 Qd8 16. Bf1 Qe8 17. Qa2 Ne5 1/2-1/2

[Event "Untergrombach-ch 35th"]
[Site "Untergrombach"]
[Date "2018.01.03"]
[Round "2"]
[White "Bach, Edwin"]
[Black "Giacomelli, Bernd"]
[Result "1-0"]
[WhiteElo "2221"]
[BlackElo "1979"]
[PlyCount "47"]
[EventDate "2018.01.02"]
[EventType "swiss"]
[EventRounds "7"]
[EventCountry "GER"]
[SourceTitle "CBM 182 Extra"]
[Source "ChessBase"]
[SourceDate "2018.02.23"]
[SourceVersion "1"]
[SourceVersionDate "2018.02.23"]
[SourceQuality "1"]

1. Nf3 d5 2. g3 Nf6 3. Bg2 c5 4. c4 Nc6 5. cxd5 Nxd5 6. Nc3 e6 7. 0-0 Be7 8. d4 0-0 9. Nxd5 Qxd5 10. Ne5 Qxd4 11. Nxc6 bxc6 12. Qc2 Ba6 13. Bxc6 Rab8 14. Bf3 c4 15. Rb1 Qb6 16. Be3 Bc5 17. Bxc5 Qxc5 18. Qc3 Rfc8 19. Rfd1 g6 20. Rd2 Bb5 21. Rc1 Qb6 22. Qa3 Qc5 23. Rd8+ Kg7 24. Qxc5 1-0

[Event "Untergrombach op 32nd"]
[Site "Untergrombach"]
[Date "2015.01.05"]
[Round "6"]
[White "Bremenkamp, Holger"]
[Black "Bach, Edwin"]
[Result "0-1"]
[WhiteElo "1648"]
[BlackElo "2183"]
[PlyCount "64"]
[EventDate "2015.01.02"]
[EventType "swiss"]
[EventRounds "7"]
[EventCountry "GER"]
[SourceTitle "CBM 164 Extra"]
[Source "ChessBase"]
[SourceDate "2015.03.02"]
[SourceVersion "1"]
[SourceVersionDate "2015.03.02"]
[SourceQuality "1"]

1. d4 Nf6 2. c4 e6 3. Nc3 c5 4. d5 exd5 5. cxd5 d6 6. e4 g6 7. h3 Bg7 8. Bf4 0-0 9. Bd3 Na6 10. a3 Nc7 11. Nge2 b5 12. 0-0 Qe7 13. b4 c4 14. Bc2 a5 15. Nd4 axb4 16. Nc6 Qd7 17. axb4 Rxa1 18. Qxa1 Nfxd5 19. Nb8 Nxc3 20. Re1 Ne2+ 21. Rxe2 Bxa1 22. Nxd7 Bxd7 23. Bxd6 Rc8 24. e5 Ne8 25. Bc5 Be6 26. g4 Rd8 27. Bb6 Rd5 28. f4 Bd4+ 29. Bxd4 Rxd4 30. f5 gxf5 31. gxf5 Bd5 32. Re3 Rd2 0-1

[Event "Untergrombach op 32nd"]
[Site "Untergrombach"]
[Date "2015.01.05"]
[Round "4"]
[White "Kazakov, Mikhail"]
[Black "Bach, Edwin"]
[Result "1-0"]
[WhiteElo "2474"]
[BlackElo "2183"]
[PlyCount "91"]
[EventDate "2015.01.02"]
[EventType "swiss"]
[EventRounds "7"]
[EventCountry "GER"]
[SourceTitle "CBM 164 Extra"]
[Source "ChessBase"]
[SourceDate "2015.03.02"]
[SourceVersion "1"]
[SourceVersionDate "2015.03.02"]
[SourceQuality "1"]

1. e4 c5 2. Nf3 e6 3. d4 cxd4 4. Nxd4 Nc6 5. Nc3 a6 6. Be2 Nge7 7. Nb3 Ng6 8. 0-0 Be7 9. f4 0-0 10. Bd3 f6 11. a4 b6 12. Be3 Bb7 13. Qe2 Qc7 14. Qf2 Bd8 15. Rfd1 Rf7 16. Bf1 Na5 17. Nxa5 bxa5 18. Rd4 Bc6 19. Bc4 Qb7 20. Bb3 Bb6 21. Rd2 Rb8 22. Bxb6 Qxb6 23. Qxb6 Rxb6 24. f5 Nf8 25. Rd6 Re7 26. fxe6 dxe6 27. e5 f5 28. Ne2 Reb7 29. Rd8 Bd7 30. g4 Kf7 31. gxf5 Ke7 32. Ra8 exf5 33. Nf4 Bc6 34. Rd1 Rb8 35. Rxb8 Rxb8 36. Rd6 Rc8 37. Nd5+ Ke8 38. Nb6 Rc7 39. Nc4 Be4 40. c3 Ng6 41. Rxa6 Bd3 42. Nd6+ Ke7 43. Rxa5 Nh4 44. Kf2 f4 45. Nb5 Rd7 46. e6 1-0

[Event "Untergrombach op 32nd"]
[Site "Untergrombach"]
[Date "2015.01.02"]
[Round "1"]
[White "Bach, Edwin"]
[Black "Rothfuss, Stefan"]
[Result "1-0"]
[WhiteElo "2183"]
[BlackElo "1774"]
[PlyCount "45"]
[EventDate "2015.01.02"]
[EventType "swiss"]
[EventRounds "7"]
[EventCountry "GER"]
[SourceTitle "CBM 164 Extra"]
[Source "ChessBase"]
[SourceDate "2015.03.02"]
[SourceVersion "1"]
[SourceVersionDate "2015.03.02"]
[SourceQuality "1"]

1. g3 Nf6 2. Bg2 g6 3. Nf3 Bg7 4. 0-0 0-0 5. c4 c5 6. Nc3 Nc6 7. d4 d6 8. d5 Na5 9. Nd2 b6 10. Qc2 Nd7 11. b3 b5 12. cxb5 a6 13. Bb2 Qb6 14. bxa6 Bxa6 15. Na4 Qb5 16. Bxg7 Kxg7 17. Nb2 Nb6 18. Rfe1 Rfc8 19. e4 c4 20. Qc3+ Kg8 21. b4 Nb7 22. a4 Qd7 23. a5 1-0

[Event "BL2-Sued 0708"]
[Site "Germany"]
[Date "2008.03.09"]
[Round "7.5"]
[White "Schmidt Schaeffer, Sebastian"]
[Black "Bach, Edwin"]
[Result "1-0"]
[WhiteElo "2395"]
[BlackElo "2304"]
[PlyCount "119"]
[EventDate "2007.10.21"]
[EventType "team-tourn"]
[EventRounds "9"]
[EventCountry "GER"]
[SourceTitle "EXT 2009"]
[Source "ChessBase"]
[SourceDate "2008.11.26"]
[SourceVersion "1"]
[SourceVersionDate "2008.11.26"]
[SourceQuality "1"]
[WhiteTeam "Bad Mergentheim"]
[BlackTeam "Karlsruhe"]
[WhiteTeamCountry "GER"]
[BlackTeamCountry "GER"]

1. f4 Nf6 2. Nf3 c5 3. e3 g6 4. Be2 Bg7 5. 0-0 0-0 6. d4 b6 7. c3 Bb7 8. b4 cxb4 9. cxb4 d6 10. Nbd2 Nbd7 11. Bb2 a6 12. Qb3 Qb8 13. Rac1 Rc8 14. Rxc8+ Qxc8 15. Rc1 Qd8 16. Bc4 d5 17. Bd3 Rc8 18. Rxc8 Qxc8 19. a4 e6 20. b5 a5 21. Qc2 Qxc2 22. Bxc2 Bf8 23. Kf1 Bd6 24. Ke2 Kf8 25. h3 h5 26. Ne5 Ke7 27. Bc3 Bc7 28. Kf3 Bd6 29. g4 hxg4+ 30. hxg4 Bc7 31. g5 Ne8 32. Bb2 Bd6 33. Nb1 Nb8 34. Ba3 Bxa3 35. Nxa3 Nd6 36. Nb1 Nd7 37. Nd2 Ke8 38. Ke2 Ke7 39. Bd3 Nb8 40. Kf3 Nd7 41. Ke2 Nb8 42. Ndf3 Ke8 43. Nh2 Nd7 44. Nhg4 Ke7 45. Kf3 Nb8 46. Nf6 Ne8 47. Ng8+ Kf8 48. Nh6 Nd6 49. Kg4 Kg7 50. Kf3 Ba8 51. Nhg4 Kf8 52. Nf6 Ke7 53. Kg4 Ne8 54. Bxg6 fxg6 55. Nxg6+ Kf7 56. Ne5+ Ke7 57. Nxe8 Kxe8 58. Kh5 Bb7 59. Kh6 Bc8 60. g6 1-0

[Event "BL2-Sued 0607"]
[Site "Germany"]
[Date "2006.10.29"]
[Round "2.5"]
[White "Bach, Edwin"]
[Black "Netzer, Jean"]
[Result "1/2-1/2"]
[WhiteElo "2290"]
[BlackElo "2400"]
[PlyCount "49"]
[EventDate "2006.10.15"]
[EventType "team-tourn"]
[EventRounds "9"]
[EventCountry "GER"]
[SourceTitle "EXT 2008"]
[Source "ChessBase"]
[SourceDate "2007.11.25"]
[SourceVersion "1"]
[SourceVersionDate "2007.11.25"]
[SourceQuality "1"]
[WhiteTeam "Karlsruhe"]
[BlackTeam "Baden-Baden II"]
[WhiteTeamCountry "GER"]
[BlackTeamCountry "GER"]

1. Nf3 c5 2. c4 Nf6 3. g3 b6 4. Bg2 Bb7 5. 0-0 e6 6. b3 Be7 7. Bb2 d6 8. Nc3 Nbd7 9. e3 0-0 10. d4 a6 11. d5 exd5 12. Nh4 Ra7 13. Nxd5 Nxd5 14. Bxd5 Bxd5 15. Qxd5 Bf6 16. Rab1 Bxb2 17. Rxb2 Nf6 18. Qf3 Qa8 19. Rd2 Qxf3 20. Nxf3 Rd7 21. Rfd1 Rfd8 22. Kf1 Kf8 23. a4 g6 24. Rd3 Ke8 25. h4 1/2-1/2

[Event "Walldorf"]
[Site "Walldorf"]
[Date "2006.04.??"]
[Round "5"]
[White "Bach, Edwin"]
[Black "Gurevich, Vladimir"]
[Result "1/2-1/2"]
[WhiteElo "2296"]
[BlackElo "2452"]
[PlyCount "80"]
[EventDate "2006.04.13"]
[EventType "tourn"]
[EventRounds "9"]
[EventCountry "GER"]
[EventCategory "4"]
[SourceTitle "CBM 111 Extra"]
[Source "ChessBase"]
[SourceDate "2006.05.09"]
[SourceVersion "1"]
[SourceVersionDate "2006.05.09"]
[SourceQuality "1"]

1. Nf3 Nf6 2. g3 d6 3. c4 e5 4. d3 g6 5. Bg2 Bg7 6. 0-0 0-0 7. Nc3 Nc6 8. Bg5 h6 9. Bxf6 Bxf6 10. Rb1 Bg7 11. b4 Ne7 12. Nd5 c6 13. Nxe7+ Qxe7 14. b5 Be6 15. bxc6 bxc6 16. Qa4 Rac8 17. Nd2 d5 18. Qa5 dxc4 19. Nxc4 e4 20. Qb4 Qxb4 21. Rxb4 exd3 22. exd3 Rfd8 23. Rb3 c5 24. Rfb1 Rd7 25. Rb8 Rxb8 26. Rxb8+ Kh7 27. Rb3 Bf5 28. Bf1 Bd4 29. Ne3 Be6 30. Nc4 g5 31. Bg2 f5 32. h3 Bg7 33. Ra3 h5 34. Bf3 g4 35. hxg4 hxg4 36. Bg2 Bf7 37. f3 Bh5 38. f4 Bf7 39. Ne5 Re7 40. Ra6 Kg8 1/2-1/2

[Event "Walldorf"]
[Site "Walldorf"]
[Date "2006.04.??"]
[Round "7"]
[White "Bach, Edwin"]
[Black "Zuse, Peter"]
[Result "1/2-1/2"]
[WhiteElo "2296"]
[BlackElo "2333"]
[PlyCount "23"]
[EventDate "2006.04.13"]
[EventType "tourn"]
[EventRounds "9"]
[EventCountry "GER"]
[EventCategory "4"]
[SourceTitle "CBM 111 Extra"]
[Source "ChessBase"]
[SourceDate "2006.05.09"]
[SourceVersion "1"]
[SourceVersionDate "2006.05.09"]
[SourceQuality "1"]

1. Nf3 g6 2. e4 c5 3. d4 cxd4 4. Nxd4 Bg7 5. c4 Nc6 6. Nc2 d6 7. Be2 Be6 8. 0-0 Rc8 9. Nba3 Nh6 10. Rb1 f5 11. exf5 Nxf5 12. b3 1/2-1/2

[Event "BL2-Sued 0506"]
[Site "Germany"]
[Date "2006.01.15"]
[Round "5.6"]
[White "Schmidt, Jessica"]
[Black "Bach, Edwin"]
[Result "0-1"]
[WhiteElo "2339"]
[BlackElo "2296"]
[PlyCount "80"]
[EventDate "2005.10.23"]
[EventType "team-tourn"]
[EventRounds "9"]
[EventCountry "GER"]
[SourceTitle "EXT 2007"]
[Source "ChessBase"]
[SourceDate "2006.11.23"]
[SourceVersion "1"]
[SourceVersionDate "2006.11.23"]
[SourceQuality "1"]
[WhiteTeam "Baden-Baden II"]
[BlackTeam "Karlsruhe"]
[WhiteTeamCountry "GER"]
[BlackTeamCountry "GER"]

1. d4 d5 2. c4 c6 3. Nf3 Nf6 4. Nc3 e6 5. e3 Nbd7 6. Qc2 Bd6 7. b3 0-0 8. Bb2 Qe7 9. Be2 Re8 10. 0-0 b6 11. e4 Nxe4 12. Nxe4 dxe4 13. Qxe4 Bb7 14. Bd3 f5 15. Qe2 c5 16. dxc5 Nxc5 17. Bc2 Qc7 18. h3 Ne4 19. Rad1 Rad8 20. a3 e5 21. b4 Qe7 22. Qe3 Kh8 23. Rfe1 h6 24. Ba4 Rf8 25. Bc2 Rfe8 26. Bb1 Rc8 27. Rc1 Ba8 28. Red1 Red8 29. Bxe4 Bxe4 30. Nd2 Bc6 31. c5 bxc5 32. bxc5 Bc7 33. Nc4 f4 34. Qe1 Qg5 35. Qf1 e4 36. Nd6 Rf8 37. Kh2 e3 38. f3 Rb8 39. Qe2 Qg3+ 40. Kg1 Qf2+ 0-1

[Event "BL2-Sued 0506"]
[Site "Germany"]
[Date "2005.11.27"]
[Round "3.5"]
[White "Bach, Edwin"]
[Black "Kolbus, Dietmar"]
[Result "0-1"]
[WhiteElo "2296"]
[BlackElo "2413"]
[PlyCount "88"]
[EventDate "2005.10.23"]
[EventType "team-tourn"]
[EventRounds "9"]
[EventCountry "GER"]
[SourceTitle "EXT 2007"]
[Source "ChessBase"]
[SourceDate "2006.11.23"]
[SourceVersion "1"]
[SourceVersionDate "2006.11.23"]
[SourceQuality "1"]
[WhiteTeam "Karlsruhe"]
[BlackTeam "Trier"]
[WhiteTeamCountry "GER"]
[BlackTeamCountry "GER"]

1. Nf3 Nf6 2. c4 g6 3. b4 Bg7 4. Bb2 0-0 5. g3 c6 6. Bg2 d5 7. Na3 Bg4 8. 0-0 Nbd7 9. d3 Re8 10. h3 Bxf3 11. Bxf3 e5 12. e3 Qe7 13. Nc2 dxc4 14. dxc4 Nb6 15. c5 Na4 16. Rb1 Rad8 17. Qc1 Nxb2 18. Rxb2 e4 19. Bg2 Nd5 20. Rb3 a6 21. Na3 f5 22. Nc4 Be5 23. Nxe5 Qxe5 24. Qc4 Kg7 25. a4 Nc7 26. Rbb1 Rd5 27. Rfd1 Red8 28. Rxd5 Rxd5 29. Qc2 Rd3 30. Bf1 Rc3 31. Qb2 Kf6 32. Kg2 Ne6 33. Qd2 h5 34. Qd7 h4 35. gxh4 f4 36. exf4 Nxf4+ 37. Kg1 e3 38. Qd8+ Kg7 39. Rd1 exf2+ 40. Kh1 Nd5 41. Qg5 Qxg5 42. hxg5 Rg3 43. Bc4 Rxh3+ 44. Kg2 Ne3+ 0-1

[Event "Untergrombach op"]
[Site "Untergrombach"]
[Date "2004.01.06"]
[Round "7.5"]
[White "Vatter, Hans Joachim"]
[Black "Bach, Edwin"]
[Result "1/2-1/2"]
[WhiteElo "2299"]
[BlackElo "2303"]
[PlyCount "49"]
[EventDate "2004.01.02"]
[EventType "swiss"]
[EventRounds "7"]
[EventCountry "GER"]
[SourceTitle "CBM 098 Extra"]
[Source "ChessBase"]
[SourceDate "2004.03.10"]
[SourceVersion "2"]
[SourceVersionDate "2004.03.10"]
[SourceQuality "1"]

1. e4 c6 2. d4 d5 3. Nc3 dxe4 4. Nxe4 Nd7 5. Bc4 Ngf6 6. Nxf6+ Nxf6 7. Nf3 Bf5 8. c3 e6 9. 0-0 Bg4 10. h3 Bxf3 11. Qxf3 Be7 12. Re1 0-0 13. Bb3 Qb6 14. Bg5 Rfd8 15. Re2 Nd5 16. Bxe7 Nxe7 17. Rae1 Rd6 18. Bc2 Ng6 19. Qe3 Nf8 20. f4 Rad8 21. Qf2 g6 22. Be4 Qc7 23. Kh1 a5 24. Bc2 b6 25. Bb3 1/2-1/2

[Event "Untergrombach op"]
[Site "Untergrombach"]
[Date "2004.01.05"]
[Round "6.3"]
[White "Bach, Edwin"]
[Black "Bratanov, Zsivko"]
[Result "1/2-1/2"]
[WhiteElo "2303"]
[BlackElo "2398"]
[PlyCount "33"]
[EventDate "2004.01.02"]
[EventType "swiss"]
[EventRounds "7"]
[EventCountry "GER"]
[SourceTitle "CBM 098 Extra"]
[Source "ChessBase"]
[SourceDate "2004.03.10"]
[SourceVersion "2"]
[SourceVersionDate "2004.03.10"]
[SourceQuality "1"]

1. g3 g6 2. Bg2 Bg7 3. c4 c5 4. Nf3 Nc6 5. Nc3 d6 6. 0-0 Nf6 7. d4 cxd4 8. Nxd4 Bd7 9. Nc2 0-0 10. b3 a6 11. Bb2 Ne8 12. Qd2 b5 13. Ne3 Nc7 14. Rfd1 bxc4 15. Nxc4 Rb8 16. Rac1 Ne6 17. Nd5 1/2-1/2

[Event "BL2-Sued 0304"]
[Site "Germany"]
[Date "2004.??.??"]
[Round "?.5"]
[White "Bach, Edwin"]
[Black "Heinzel, Olaf"]
[Result "1/2-1/2"]
[WhiteElo "2300"]
[BlackElo "2355"]
[PlyCount "60"]
[EventDate "2003.10.??"]
[EventType "team-tourn"]
[EventRounds "9"]
[EventCountry "GER"]
[SourceTitle "CBM 100 Extra"]
[Source "ChessBase"]
[SourceDate "2004.07.06"]
[SourceVersion "2"]
[SourceVersionDate "2004.07.06"]
[SourceQuality "1"]
[WhiteTeam "Karlsruhe"]
[BlackTeam "Bayern Muenchen"]
[WhiteTeamCountry "GER"]
[BlackTeamCountry "GER"]

1. c4 c6 2. b3 d5 3. Bb2 Bf5 4. Nf3 e6 5. g3 Nf6 6. Bg2 Be7 7. 0-0 0-0 8. d3 h6 9. Nbd2 a5 10. a3 Nbd7 11. Qc2 Bh7 12. Bc3 b5 13. cxb5 cxb5 14. Bd4 Rc8 15. Qb2 Qc7 16. Rac1 Qd6 17. Nb1 b4 18. a4 Qa6 19. Bh3 Rfd8 20. Nbd2 Ne8 21. Rxc8 Rxc8 22. Rc1 Rc6 23. Qb1 Qc8 24. Rxc6 Qxc6 25. Bb2 Nc7 26. Nd4 Qc5 27. N2f3 Bf6 28. Kf1 g5 29. e3 Bg7 30. Ke2 Bg6 1/2-1/2

[Event "BL2-Sued 0304"]
[Site "Germany"]
[Date "2004.??.??"]
[Round "?.4"]
[White "Miltner, Arndt"]
[Black "Bach, Edwin"]
[Result "1-0"]
[WhiteElo "2380"]
[BlackElo "2300"]
[PlyCount "109"]
[EventDate "2003.10.??"]
[EventType "team-tourn"]
[EventRounds "9"]
[EventCountry "GER"]
[SourceTitle "CBM 100 Extra"]
[Source "ChessBase"]
[SourceDate "2004.07.06"]
[SourceVersion "2"]
[SourceVersionDate "2004.07.06"]
[SourceQuality "1"]
[WhiteTeam "Eppingen"]
[BlackTeam "Karlsruhe"]
[WhiteTeamCountry "GER"]
[BlackTeamCountry "GER"]

1. d4 d5 2. Nf3 c6 3. Bg5 h6 4. Bh4 Bf5 5. e3 Qb6 6. Qc1 Nd7 7. Be2 Ngf6 8. 0-0 e6 9. Nbd2 Be7 10. c4 0-0 11. c5 Qd8 12. b4 Ne4 13. Bxe7 Qxe7 14. Nb3 Ng5 15. Nxg5 hxg5 16. h3 Nf6 17. g4 Bg6 18. Kg2 e5 19. Qb2 exd4 20. Nxd4 a6 21. a4 Rfe8 22. b5 axb5 23. axb5 Rxa1 24. Rxa1 Qxc5 25. bxc6 bxc6 26. Rc1 Qe7 27. Rxc6 Be4+ 28. Kg1 Qe5 29. Qc3 Rb8 30. Rc8+ Rxc8 31. Qxc8+ Kh7 32. Qb7 Kg8 33. Bf1 Qe8 34. Qc7 Qa8 35. f3 Bg6 36. Qe5 Qa1 37. Kf2 Qb2+ 38. Be2 Qc1 39. Qxg5 Qh1 40. h4 Qh2+ 41. Ke1 Qg1+ 42. Kd2 Qa1 43. Bd1 Qa5+ 44. Ke2 Qc3 45. Kf2 Qc1 46. Be2 Qh1 47. Bf1 Qh2+ 48. Bg2 Qd6 49. h5 Nh7 50. Qh4 Bd3 51. Bf1 Bb1 52. Qg3 Qd8 53. Nc6 Qb6 54. Qd6 Qb2+ 55. Be2 1-0

[Event "BL2-Sued 0203"]
[Site "Germany"]
[Date "2002.11.17"]
[Round "2.6"]
[White "Syska, Albert"]
[Black "Bach, Edwin"]
[Result "1-0"]
[WhiteElo "2250"]
[BlackElo "2302"]
[PlyCount "59"]
[EventDate "2002.10.20"]
[EventType "team-tourn"]
[EventRounds "9"]
[EventCountry "GER"]
[SourceTitle "EXT 2004"]
[Source "ChessBase"]
[SourceDate "2003.11.25"]
[SourceVersion "1"]
[SourceVersionDate "2003.11.25"]
[SourceQuality "1"]
[WhiteTeam "Heidelberg Handschuhsheim"]
[BlackTeam "Karlsruhe"]
[WhiteTeamCountry "GER"]
[BlackTeamCountry "GER"]

1. e4 c5 2. Nf3 e6 3. d4 cxd4 4. Nxd4 a6 5. Nc3 Qc7 6. Bd3 Nf6 7. Qe2 d6 8. 0-0 g6 9. f4 Bg7 10. Kh1 0-0 11. f5 Nc6 12. Nxc6 bxc6 13. Bf4 Nd7 14. Bg5 f6 15. Bf4 Ne5 16. fxg6 hxg6 17. Rad1 Nxd3 18. cxd3 e5 19. Be3 a5 20. Qd2 Be6 21. d4 Bg4 22. Rc1 Rad8 23. Nd5 Qb7 24. Rxc6 Be6 25. Rc7 Qb5 26. Ne7+ Kh7 27. Qf2 Bg4 28. h3 Bh5 29. g4 Rd7 30. gxh5 1-0

[Event "BL2-Sued 0102"]
[Site "Germany"]
[Date "2002.03.17"]
[Round "7.7"]
[White "Bach, Edwin"]
[Black "Braeuning, Rudolf Wilhelm"]
[Result "1-0"]
[WhiteElo "2297"]
[BlackElo "2319"]
[PlyCount "111"]
[EventDate "2001.10.07"]
[EventType "team-tourn"]
[EventRounds "9"]
[EventCountry "GER"]
[SourceTitle "CBM 088 Extra"]
[Source "ChessBase"]
[SourceDate "2002.07.01"]
[SourceVersion "2"]
[SourceVersionDate "2002.07.01"]
[SourceQuality "1"]
[WhiteTeam "Kirchheim"]
[BlackTeam "Bebenhausen"]
[WhiteTeamCountry "GER"]
[BlackTeamCountry "GER"]

1. e4 c5 2. Nf3 d6 3. d4 cxd4 4. Nxd4 Nf6 5. Nc3 g6 6. Be3 Bg7 7. f3 0-0 8. Qd2 Nc6 9. g4 Bxg4 10. fxg4 Nxg4 11. Nb3 Nxe3 12. Qxe3 a5 13. a4 Nb4 14. 0-0-0 Qc7 15. Kb1 Rfc8 16. Nd4 Qc5 17. Bh3 e6 18. Rhe1 Rd8 19. Ndb5 Qe5 20. Qg3 Ra6 21. Bf1 Qc5 22. e5 d5 23. Nd4 Raa8 24. Ncb5 Rac8 25. c3 Nc6 26. Bd3 Qe7 27. Re2 Rf8 28. Rf1 Rce8 29. h4 f6 30. exf6 Rxf6 31. Rfe1 e5 32. Nxc6 Rxc6 33. Nd4 Rb6 34. Bb5 Rf8 35. h5 Qf7 36. Nc2 Qf5 37. hxg6 Rxg6 38. Qe3 Qf4 39. Qc5 d4 40. cxd4 exd4 41. Bc4+ Kh8 42. Re8 d3 43. Bxd3 Rgf6 44. Qxa5 Qg3 45. Qd5 Qf4 46. Rxf8+ Rxf8 47. Qh5 Bh6 48. Re7 Kg8 49. Bxh7+ Kh8 50. Bd3 Rf6 51. Rh7+ Kg8 52. Qd5+ Rf7 53. Bg6 Bg7 54. Rxg7+ Kxg7 55. Qxf7+ Qxf7 56. Bxf7 1-0